[Event "GER-chT U10"]
[Site "Magdeburg"]
[Date "2016.12.29"]
[Round "7.3"]
[White "Duong, Nhat Minh"]
[Black "Fiedler, Ian Fynn"]
[Result "1/2-1/2"]
[WhiteElo "847"]
[BlackElo "600"]
[PlyCount "56"]
[EventDate "2016.12.27"]
[EventType "team-swiss"]
[EventRounds "7"]
[EventCountry "GER"]
[SourceTitle "EXT 2018"]
[Source "ChessBase"]
[SourceDate "2017.10.13"]
[SourceVersion "1"]
[SourceVersionDate "2017.10.13"]
[SourceQuality "1"]
[WhiteTeam "Norderstedt Harksheide"]
[BlackTeam "Halle Roter Turm II"]
[WhiteTeamCountry "GER"]
[BlackTeamCountry "GER"]

1. e4 c5 2. Nf3 d6 3. Bc4 Nf6 4. Nc3 g6 5. 0-0 Bg7 6. d3 0-0 7. Re1 Nc6 8. Bf4 Bg4 9. h3 Bh5 10. Re3 Nd4 11. Nd5 e6 12. Nc3 Nc6 13. g4 e5 14. Bg5 Qc8 15. gxh5 Qxh3 16. Qf1 Qxh5 17. Qg2 Nd4 18. Kf1 Ng4 19. Ree1 Nxc2 20. Be7 Rfe8 21. Bxd6 Rac8 22. Bb5 Nxe1 23. Rxe1 Re6 24. Bd7 Rxd6 25. Bxc8 Nf6 26. Bxb7 Rxd3 27. Ng5 Bh6 28. Re3 Rxe3 1/2-1/2

[Event "GER-chT U10"]
[Site "Magdeburg"]
[Date "2016.12.27"]
[Round "1.4"]
[White "Kageler, Anton Paul"]
[Black "Fiedler, Ian Fynn"]
[Result "1/2-1/2"]
[WhiteElo "911"]
[BlackElo "600"]
[PlyCount "111"]
[EventDate "2016.12.27"]
[EventType "team-swiss"]
[EventRounds "7"]
[EventCountry "GER"]
[SourceTitle "EXT 2018"]
[Source "ChessBase"]
[SourceDate "2017.10.13"]
[SourceVersion "1"]
[SourceVersionDate "2017.10.13"]
[SourceQuality "1"]
[WhiteTeam "Halle Roter Turm"]
[BlackTeam "Halle Roter Turm II"]
[WhiteTeamCountry "GER"]
[BlackTeamCountry "GER"]

1. d4 d5 2. c4 Nf6 3. Nc3 Be6 4. Bg5 Nc6 5. Bxf6 exf6 6. e4 Bd7 7. Nxd5 Bb4+ 8. Nxb4 Nxb4 9. d5 0-0 10. a3 Na6 11. Nf3 c6 12. Be2 Re8 13. Qc2 Nc5 14. d6 Ne6 15. e5 fxe5 16. Nxe5 Nd4 17. Qe4 c5 18. Bd3 Bf5 19. Qe3 Re6 20. Bxf5 Nxf5 21. Qxc5 Rxd6 22. Nxf7 Qe7+ 23. Ne5 b6 24. Qb5 g6 25. Qb4 Qxe5+ 26. Kf1 Re8 27. Re1 Qxe1+ 28. Qxe1 Rxe1+ 29. Kxe1 Rd4 30. Ke2 Rxc4 31. Kf3 Nd4+ 32. Ke3 Nc2+ 33. Kd3 Rc5 34. Kd2 Nd4 35. Re1 g5 36. Re8+ Kf7 37. Rb8 Rb5 38. Kd3 Nc6 39. Rb7+ Kg6 40. Rc7 Ne5+ 41. Kd4 h5 42. a4 Ra5 43. b4 Rxa4 44. Kxe5 Rxb4 45. Rc6+ Kf7 46. Kd5 Rb5+ 47. Kd4 Ke7 48. Rh6 g4 49. h3 Rb2 50. Rxh5 Rxf2 51. Rg5 Rxg2 52. hxg4 Rg1 53. Rg7+ Kf6 54. Rxa7 Rxg4+ 55. Kd5 Rb4 56. Kc6 1/2-1/2